000 00650nam a2200193 a 4500
005 20210317071137.0
008 210317s1987 mx |||gr|||| 00| 0 spa d
040 _aCO-BoUCM
_bspa
_cDeissy Garcia
_dDeissy Garcia
041 0 _aspa
100 _aCarrancá y Rivas, Raúl
_965651
245 1 3 _aEl arte del derecho
_bmagister iuris
_cRaúl Carranca y Rivas
260 _aMéxico
_b Porrúa
_c1987
300 _a306 páginas
504 _aIncluye referencias bibliográficas
650 7 _aTeoría del derecho
_925308
650 7 _aJusticia (Filosofía)
_918196
942 _cLIBRO
_2DEWEY
_a8
_e1
_h340.1
_mC312
_n0
999 _c313972
_d313972